Voces desde el silencio /

Guardado en:
Detalles Bibliográficos
Autor principal: García Gutiérrez, Fernando (autor)
Otros autores: Vera, José M. de (prólogo) (prólogo)
Formato: Libro
Idioma:Español
Publicado: México : Comité Pro Japón, 1960, c1960
Etiquetas: Agrega una etiqueta
Sin etiquetas, Sé el primero en etiquetar este registro!

MARC

LEADER 00000nam^a2200000^a^4500
001 000594771
005 20250521000000.0
009 20260310133033.928
037 |a Acervo ITESO - Biblioteca 
041 |a ESP 
091 |a FCR. 01828 
100 |a García Gutiérrez, Fernando  |e (autor) 
245 1 0 |a Voces desde el silencio / 
264 4 |a México :  |b Comité Pro Japón,  |c 1960, c1960 
300 |a 75 p. 
336 |a texto  |b txt  |2 rdacontenido 
337 |a sin mediación  |b n  |2 rdamedio 
338 |a volumen  |b nc  |2 rdasoporte 
649 |a XX 
700 |a Vera, José M. de  |e (prólogo) 
910 |a Fondo Cristina Romo Gil 
920 |a Impresos - Libros 
930 |a Fondos Especiales 
940 |a Literatura 
905 |a 143 
901 |a 594771-10  |b IT2  |c ESP  |i D122192  |u 20250521 
902 |a https://opac.biblio.iteso.mx/vufind/Record/000594771